000 00264nam a2200097Ia 4500
001 689919
005 20250826161806.0
008 250824s9999 xx 000 0 und d
245 0 _aMAHALLE KAHVESİ
_cSAİT FAİK ABASIYANIK
260 _bTÜRKİYE İŞ BANKASI YAYINLARI
999 _c689919
_d689919